LEADER 00795nam a2200205 i 4500 001 000000155236 003 CaOOAMICUS 005 20061104000000.0 008 061104s1969 it u000 u ita u 013 $a132585 040 $aSeMil$bita 100 1 $aArias, Paolo Enrico.$0(OLS)http://semarc/name/29658 245 10$aScultura greca /$cPaolo Enrico Arias. 260 $aMilano :$bSilvana Editoriale d'Arte,$ccopyr. 1969. 300 $a313 p. :$bill. ;$c25 cm. 650 4$aScultura greca (ellenica).$0(OLS)http://semarc/subject/23087 850 $aSeMil 852 $aSeMil$W1$xVenegono$y1$m5L VII 35$j107073$B107073$CSeMilBibl$Z2$F116443 $81 996 $6245$aScultura greca$9(OLS)http://semarc/title/227304 996 $6260$aMilano :$bSilvana Editoriale d'Arte$9(OLS)http://semarc/publisher/34189 LEADER 01255nam a2200301 i 4500 001 000000109952 003 CaOOAMICUS 005 20220607122418.0 008 021118s1978 it u000 u ita u 013 $a82633 040 $aSeMil$bita 100 1 $aMoggridge, Donald Edward <1943->.$0(OLS)http://semarc/name/46130 240 10$aKeynes.$0(OLS)http://semarc/title/159715 245 10$aGuida a Keynes /$cDonald E. Moggridge ; traduzione di Marco Papi ; glossario a cura di Ezio Chiodini. 260 $aMilano :$bRizzoli,$c1978. 300 $a219 p. ;$c18 cm. 490 0 $aBUR. L 500 $aContiene : cronologia della vita e delle opere ; nota bibliografica. 600 14$aKeynes, John Maynard <1883-1946>.$0(OLS)http://semarc/subject/18775 700 1 $aChiodini, Ezio.$0(OLS)http://semarc/name/46131 700 1 $aPapi, Marco.$0(OLS)http://semarc/name/20069 830 0$aBUR.$0(OLS)http://semarc/title/440060 850 $aSeMil 852 $aSeMil$W1$xVenegono$y1$m78 12.1 1.4 *$j65877$B65877$CSeMilBibl$Z2$F73043 $81 961 $aRecupero: Biblioteca Seminario Liceale 996 $6245$aGuida a Keynes$9(OLS)http://semarc/title/159714 996 $6260$aMilano :$bRizzoli$9(OLS)http://semarc/publisher/29824